000 01262cam a22002534a 4500
005 20250605164048.0
008 250528s ||||||||||||||||||||||||d
035 _a17198
020 _a43381243
040 _aGR-AtMCL
_bgre
_dGR-AtMCL
_eAACR2
245 1 _aAn Introduction to Industrial Economics / Fourth Edition
250 _a4th
260 _c1985
300 _a532
520 _aThe topics covered in this book include the contemporary problems of deindustrialization, recent industrial and competition policy; the public enterprise sector, regional and urban policy with particular emphasis on the privatization programme. Preface, Scope and Method of Industrial Economics, Industrial and Market Structure, The Firm, Corporate Growth, Diversification and Merger and Innovation, Pricing and Advertising, The Investment Decision, Performance Measurement, State Intervention in the Private Sector, Government Relations with the Public Industrial Sector, Government Policy and the Location of Industry, Government Policy Since 1979, Index.
700 1 _aDevine J. P
_93356
700 1 _aJones M. R
_93357
700 1 _aLee N
_93358
700 1 _aTyson J. W
_93359
700 1 _aUnwin Hyman
_9199
942 _cBK
999 _c2632
_d2632